000 00722pam a2200205 a 4500
020 _a0471147354 (alk. paper)
082 0 0 _a620.106
_bROB
_cL- NUST, P-25
100 1 _aRoberson, John A.
_93088
245 1 0 _aEngineering fluid mechanics /
_cJohn A. Roberson, Clayton T. Crowe.
250 _a6th ed.
260 _aNew York :
_bJ. Wiley & Sons,
_cc1997.
300 _axiii, 689, 31, 11 p. :
_bill. ;
_c25 cm.
526 _a0
_b0
_c0
_d620_106000000000000_ROB
650 0 _aFluid mechanics.
_91678
650 0 _aNUST/ MCE
_926909
700 1 _aCrowe, C. T.
_938583
856 4 _uhttp://www.loc.gov/catdir/toc/onix03/96032538.html
856 4 2 _uhttp://www.loc.gov/catdir/enhancements/fy0607/96032538-d.html
942 _2ddc
_cBK
999 _c544971
_d544971